Egypt
Bewaard in:
| Hoofdauteur: | |
|---|---|
| Formaat: | Boek |
| Taal: | Undetermined |
| Gepubliceerd in: |
London
Ernest Benn Limited
1958
|
| Onderwerpen: | |
| Tags: |
Voeg label toe
Geen labels, Wees de eerste die dit record labelt!
|
| Thư viện lưu trữ: | Trung tâm Học liệu Trường Đại học Cần Thơ |
|---|
| LEADER | 00432nam a2200181Ia 4500 | ||
|---|---|---|---|
| 001 | CTU_89742 | ||
| 008 | 210402s9999 xx 000 0 und d | ||
| 082 | |a 916.13 | ||
| 082 | |b L778 | ||
| 100 | |a Little, Tom | ||
| 245 | 0 | |a Egypt | |
| 245 | 0 | |c Tom Little | |
| 260 | |a London | ||
| 260 | |b Ernest Benn Limited | ||
| 260 | |c 1958 | ||
| 650 | |a Egypt | ||
| 904 | |i Mai Loan | ||
| 980 | |a Trung tâm Học liệu Trường Đại học Cần Thơ | ||